[Event "Cote d'Ivoire Blitz 2019"]
[Site "Abidjan CIV"]
[Date "2019.05.11"]
[Round "2"]
[White "So, Wesley"]
[Black "Ding, Liren"]
[Result "1/2-1/2"]
[WhiteElo "2754"]
[BlackElo "2805"]
[PlyCount "73"]
[EventDate "2019.05.11"]

1. d4 Nf6 2. c4 e6 3. Nf3 d5 4. Nc3 c5 5. cxd5 Nxd5 6. e4 Nxc3 7. bxc3 cxd4 8.
cxd4 Bb4+ 9. Bd2 Bxd2+ 10. Qxd2 O-O 11. Bd3 Nc6 12. Bc2 Qe7 13. O-O Rd8 14. e5
b6 15. Qd3 g6 16. Qe3 Bb7 17. Be4 Kg7 18. Rac1 Rac8 19. Qf4 h6 20. h4 Ba8 21.
a3 b5 22. Rfd1 b4 23. Bxc6 Bxc6 24. axb4 Bxf3 25. Rxc8 Rxc8 26. Qxf3 Qxh4 27.
g3 Qe7 28. d5 exd5 29. Rxd5 h5 30. b5 Qe6 31. Kg2 Rc7 32. Qe4 Qg4 33. Qxg4 hxg4
34. Rd4 Rc5 35. Rxg4 Rxe5 36. Ra4 Rxb5 37. Rxa7 1/2-1/2

[Event "Cote d'Ivoire Blitz 2019"]
[Site "Abidjan CIV"]
[Date "2019.05.11"]
[Round "2"]
[White "Nakamura, Hikaru"]
[Black "Amin, Bassem"]
[Result "0-1"]
[WhiteElo "2761"]
[BlackElo "2704"]
[PlyCount "94"]
[EventDate "2019.05.11"]

1. Nf3 Nf6 2. b3 g6 3. Bb2 Bg7 4. d4 O-O 5. e3 d6 6. Be2 Nbd7 7. O-O Re8 8. a4
a5 9. Re1 c6 10. Bf1 e5 11. dxe5 dxe5 12. Na3 e4 13. Nd2 Nd5 14. Bxg7 Kxg7 15.
Ndc4 Qf6 16. Qd4 Qxd4 17. exd4 N7f6 18. Ne5 Bf5 19. Nac4 Re6 20. Ne3 Nxe3 21.
fxe3 h5 22. Bc4 Re7 23. Rf1 Rd8 24. h3 h4 25. c3 Nd5 26. Bxd5 cxd5 27. c4 f6
28. Ng4 Bxg4 29. hxg4 Rc7 30. cxd5 Rc3 31. Rac1 Rxe3 32. g5 fxg5 33. Rfe1 Rxe1+
34. Rxe1 Rxd5 35. Rxe4 Kf6 36. Kf2 Kf5 37. Kf3 b6 38. Ke3 g4 39. Re8 h3 40. g3
Kf6 41. Rc8 Rf5 42. Ke4 Rf3 43. d5 Rxg3 44. Kf4 Rg1 45. Rh8 g5+ 46. Ke4 Re1+
47. Kd4 g3 0-1

[Event "Cote d'Ivoire Blitz 2019"]
[Site "Abidjan CIV"]
[Date "2019.05.11"]
[Round "2"]
[White "Wei, Yi"]
[Black "Karjakin, Sergey"]
[Result "1/2-1/2"]
[WhiteElo "2736"]
[BlackElo "2752"]
[PlyCount "43"]
[EventDate "2019.05.11"]

1. d4 Nf6 2. c4 e6 3. g3 Bb4+ 4. Nd2 c5 5. a3 Bxd2+ 6. Qxd2 cxd4 7. Nf3 d5 8.
cxd5 e5 9. Nxe5 Qxd5 10. Nf3 Nc6 11. Bg2 Bf5 12. O-O O-O 13. b4 Rfe8 14. Bb2
Be4 15. Rfd1 Rad8 16. Qf4 h6 17. Rac1 Qb3 18. Rd2 Nd5 19. Qg4 Nf6 20. Qf4 Nd5
21. Qg4 Nf6 22. Qf4 1/2-1/2

[Event "Cote d'Ivoire Blitz 2019"]
[Site "Abidjan CIV"]
[Date "2019.05.11"]
[Round "2"]
[White "Nepomniachtchi, Ian"]
[Black "Topalov, Veselin"]
[Result "1/2-1/2"]
[WhiteElo "2773"]
[BlackElo "2740"]
[PlyCount "152"]
[EventDate "2019.05.11"]

1. e4 e5 2. Nf3 Nc6 3. Bb5 Nf6 4. O-O Nxe4 5. Re1 Nd6 6. Nxe5 Be7 7. Bf1 Nf5 8.
Nf3 O-O 9. d4 d5 10. c3 Bd6 11. b3 g6 12. Na3 a6 13. Nc2 Nce7 14. c4 c6 15. Qd2
f6 16. Ba3 Bxa3 17. Nxa3 Rf7 18. Nc2 Bd7 19. Bd3 Qc7 20. Rac1 Rd8 21. Nb4 Qd6
22. cxd5 cxd5 23. Nc2 Nc6 24. b4 Ng7 25. a3 Bg4 26. Be2 Re7 27. Ne3 Be6 28. Rc5
Nf5 29. Bd1 Rde8 30. Ba4 Nxe3 31. Rxe3 Kg7 32. Bxc6 bxc6 33. h3 Bd7 34. Rcc3
Re4 35. Qe2 Qf4 36. Rxe4 dxe4 37. Nd2 Qd6 38. Nb3 Bc8 39. Rc1 Qd5 40. Qe3 g5
41. Na5 Bd7 42. Nc4 Be6 43. Nd2 Bf7 44. Rc5 Qd7 45. Ra5 Rd8 46. Nxe4 Qxd4 47.
Qxd4 Rxd4 48. Nc5 Rd1+ 49. Kh2 Rd2 50. f3 Bd5 51. Kg1 Rd1+ 52. Kf2 Rd2+ 53. Kf1
Bc4+ 54. Kg1 Rd1+ 55. Kh2 Rd2 56. Kg1 Rd1+ 57. Kf2 Rd2+ 58. Ke3 Rxg2 59. Nxa6
Rg3 60. Nc7 Rxh3 61. Rc5 Bf7 62. Kf2 Rh2+ 63. Kg3 Ra2 64. Rxc6 h5 65. b5 h4+
66. Kh3 Rxa3 67. Kg2 Bh5 68. Ne6+ Kg6 69. Nd4 h3+ 70. Kg3 Rd3 71. Rc4 h2 72.
Kxh2 Bxf3 73. Nxf3 Rxf3 74. Rb4 Rd3 75. b6 Rd8 76. b7 Rb8 1/2-1/2

[Event "Cote d'Ivoire Blitz 2019"]
[Site "Abidjan CIV"]
[Date "2019.05.11"]
[Round "3"]
[White "Vachier-Lagrave, Maxime"]
[Black "Nakamura, Hikaru"]
[Result "1-0"]
[WhiteElo "2780"]
[BlackElo "2761"]
[PlyCount "196"]
[EventDate "2019.05.11"]

1. e4 e5 2. Nf3 Nc6 3. Bb5 Nf6 4. O-O Nxe4 5. d4 Nd6 6. Bxc6 dxc6 7. dxe5 Nf5
8. Qxd8+ Kxd8 9. h3 Ke8 10. Nc3 h5 11. Bf4 Be7 12. Rad1 Be6 13. Ng5 Rh6 14.
Rfe1 Bb4 15. a3 Bxc3 16. bxc3 h4 17. Ne4 Rg6 18. g4 hxg3 19. fxg3 Ne7 20. h4
Nd5 21. Bg5 Bf5 22. h5 Nxc3 23. hxg6 Nxd1 24. Kg2 Bxg6 25. Nc5 b6 26. Na6 Rc8
27. Rxd1 Bxc2 28. Nxc7+ Kf8 29. Rd8+ Rxd8 30. Bxd8 Bd3 31. Kf3 Bc4 32. g4 Bf1
33. g5 Bd3 34. Ke3 Bf1 35. g6 Bh3 36. gxf7 Kxf7 37. Bg5 Bc8 38. Kd4 Bd7 39. Ke4
Bc8 40. Kf4 Bd7 41. Na6 Ke6 42. Ke4 Bc8 43. Nb4 c5 44. Na2 Bb7+ 45. Kf4 b5 46.
Nc1 Kd5 47. Be7 a5 48. Nb3 c4 49. Nxa5 Bc8 50. Bb4 g5+ 51. Kxg5 Kxe5 52. Nc6+
Ke4 53. Kf6 Kd3 54. Ne5+ Kd4 55. Nc6+ Kd3 56. Ke5 c3 57. Nd4 c2 58. Nb3 Kc4 59.
Nc1 Bg4 60. Kf4 Bh5 61. Ke3 Bg6 62. Kd2 Bf5 63. Ne2 Bg6 64. Kc1 Bd3 65. Nf4 Bf5
66. Ng2 Bg6 67. Ne3+ Kd4 68. Ng4 Bf5 69. Nf6 Ke5 70. Ne8 Kd5 71. Kb2 Kc6 72.
Ng7 Be4 73. Bd2 Kd6 74. Kc3 Bg6 75. Kd4 Ke7 76. Ke5 Bh7 77. Ne6 Kd7 78. Nd4 Bd3
79. Kd5 Bc4+ 80. Kc5 Bd3 81. Kb4 Kd6 82. Kc3 Bg6 83. Nxb5+ Kc5 84. a4 Kb6 85.
Kb4 Ka6 86. a5 Be4 87. Nc7+ Kb7 88. Ne6 Bf5 89. Nc5+ Kc6 90. Be3 Bh7 91. Nb3
Kb7 92. Bf4 Ka6 93. Nc5+ Ka7 94. Kb5 Bf5 95. a6 Bh3 96. Ka5 Bf1 97. Be3 Be2 98.
Ne6+ Kb8 1-0

[Event "Cote d'Ivoire Blitz 2019"]
[Site "Abidjan CIV"]
[Date "2019.05.11"]
[Round "3"]
[White "Ding, Liren"]
[Black "Carlsen, Magnus"]
[Result "1/2-1/2"]
[WhiteElo "2805"]
[BlackElo "2861"]
[PlyCount "99"]
[EventDate "2019.05.11"]

1. d4 d5 2. c4 e6 3. Nc3 Bb4 4. Nf3 Nf6 5. Bg5 dxc4 6. e4 h6 7. Bxf6 Qxf6 8.
Bxc4 c5 9. O-O cxd4 10. Nb5 Qe7 11. Qxd4 O-O 12. Nxa7 Bc5 13. Nxc8 Rxc8 14. Qd3
Nc6 15. Qe2 Rd8 16. Rad1 Qf6 17. e5 Qe7 18. Qe4 Rxd1 19. Rxd1 Rd8 20. Rxd8+
Qxd8 21. g3 Qb6 22. Qe2 Nd4 23. Nxd4 Bxd4 24. b3 Qc5 25. a4 Bxe5 26. Kg2 Bd4
27. h4 g6 28. f4 Kg7 29. Qe4 b6 30. Qf3 Bf6 31. Qe4 Qa3 32. Qe2 Qa1 33. Qf1 Qd4
34. Qd3 Qc5 35. Qd7 Kf8 36. Qd3 Ke7 37. Bb5 g5 38. hxg5 hxg5 39. Qc4 Qd6 40.
Qd3 Qc7 41. Qc4 Qd6 42. Qd3 Qa3 43. f5 Qb2+ 44. Kf3 exf5 45. Qxf5 Qxb3+ 46. Qd3
Qe6 47. Qa3+ Kd8 48. Qd3+ Ke7 49. Qa3+ Kd8 50. Qd3+ 1/2-1/2

[Event "Cote d'Ivoire Blitz 2019"]
[Site "Abidjan CIV"]
[Date "2019.05.11"]
[Round "3"]
[White "Topalov, Veselin"]
[Black "So, Wesley"]
[Result "1/2-1/2"]
[WhiteElo "2740"]
[BlackElo "2754"]
[PlyCount "60"]
[EventDate "2019.05.11"]

1. c4 e5 2. d3 Nc6 3. a3 g6 4. b4 Bg7 5. Bb2 d6 6. Nf3 f5 7. e3 Nf6 8. Be2 O-O
9. Nc3 Ne7 10. d4 e4 11. Nd2 d5 12. b5 Be6 13. a4 Rf7 14. O-O g5 15. Ba3 Ng6
16. Rc1 c6 17. bxc6 bxc6 18. cxd5 cxd5 19. Nb3 f4 20. Nc5 Bf5 21. g3 f3 22. Ba6
Bc8 23. Bb5 a6 24. Bc6 Rb8 25. Rb1 Rxb1 26. Qxb1 Ne7 27. Bb7 Ng6 28. Bc6 Ne7
29. Bb7 Ng6 30. Bc6 Ne7 1/2-1/2

[Event "Cote d'Ivoire Blitz 2019"]
[Site "Abidjan CIV"]
[Date "2019.05.11"]
[Round "3"]
[White "Amin, Bassem"]
[Black "Wei, Yi"]
[Result "0-1"]
[WhiteElo "2704"]
[BlackElo "2736"]
[PlyCount "86"]
[EventDate "2019.05.11"]

1. e4 c5 2. Nf3 Nc6 3. Bb5 g6 4. Bxc6 dxc6 5. d3 Bg7 6. h3 e5 7. a4 a5 8. Be3
b6 9. Na3 Qc7 10. c3 Nf6 11. Nc4 Nd7 12. d4 Ba6 13. Ncxe5 Nxe5 14. dxe5 O-O 15.
Qb3 Bd3 16. O-O-O c4 17. Qxb6 Qd7 18. Qd4 Qc8 19. Rxd3 cxd3 20. Qxd3 Qe6 21.
Nd4 Qa2 22. Nxc6 Qa1+ 23. Qb1 Qxa4 24. Ne7+ Kh8 25. Nd5 Rab8 26. f4 Rb3 27. Rd1
Rfb8 28. Rd2 Bf8 29. Bd4 Ba3 30. e6+ f6 31. Bxf6+ Kg8 32. Qc2 Qc4 33. Qd3 Qxd3
34. Rxd3 Rxb2 35. Kd1 Rxg2 36. Nb6 Rxb6 37. Rd8+ Bf8 38. Kc1 Rxe6 39. e5 Rxf6
40. exf6 Kf7 41. Ra8 Bh6 42. Rxa5 Bxf4+ 43. Kb1 Kxf6 0-1

[Event "Cote d'Ivoire Blitz 2019"]
[Site "Abidjan CIV"]
[Date "2019.05.11"]
[Round "3"]
[White "Karjakin, Sergey"]
[Black "Nepomniachtchi, Ian"]
[Result "1-0"]
[WhiteElo "2752"]
[BlackElo "2773"]
[PlyCount "85"]
[EventDate "2019.05.11"]

1. d4 Nf6 2. Nf3 g6 3. Bf4 Bg7 4. e3 O-O 5. h3 d6 6. Nbd2 Nbd7 7. c3 Re8 8. Bh2
e5 9. dxe5 Nxe5 10. Nxe5 dxe5 11. Nc4 Nd7 12. Be2 Qe7 13. O-O Nb6 14. Qc2 Be6
15. Nxb6 axb6 16. e4 Bxa2 17. b3 Qa3 18. Bd1 Red8 19. Bg3 Bh6 20. c4 f6 21. Bh4
Rd2 22. Qc3 Qd6 23. Bg4 Ra3 24. Rfd1 Bxb3 25. Rxa3 Bxd1 26. Bxd1 Rxd1+ 27. Kh2
Rc1 28. Qf3 Bg7 29. Rd3 Qe7 30. Rd2 h5 31. Qb3 Kh7 32. g4 g5 33. gxh5 gxh4 34.
Qf3 Bh6 35. Qf5+ Kg8 36. Rd7 Bf4+ 37. Kg2 Qxd7 38. Qxd7 c6 39. Qe8+ Kg7 40.
Qg6+ Kf8 41. Qxf6+ Ke8 42. h6 Bxh6 43. Qxh6 1-0

[Event "Cote d'Ivoire Blitz 2019"]
[Site "Abidjan CIV"]
[Date "2019.05.11"]
[Round "4"]
[White "Amin, Bassem"]
[Black "Vachier-Lagrave, Maxime"]
[Result "0-1"]
[WhiteElo "2704"]
[BlackElo "2780"]
[PlyCount "72"]
[EventDate "2019.05.11"]

1. e4 c5 2. Nf3 d6 3. g3 Nc6 4. Bg2 g6 5. O-O Bg7 6. c3 e5 7. d3 Nge7 8. a3 O-O
9. b4 h6 10. Nbd2 Be6 11. Nb3 b6 12. b5 Nb8 13. a4 a5 14. Bb2 Nd7 15. d4 Rc8
16. d5 Bg4 17. Nbd2 f5 18. h3 Bh5 19. Qc2 fxe4 20. Qxe4 g5 21. Nc4 Nf6 22. Qc2
Nfxd5 23. Nfd2 Nf6 24. Qb3 Bf7 25. Rad1 Qc7 26. Rfe1 Rcd8 27. Qc2 Rfe8 28. Qd3
Bg6 29. Qf3 e4 30. Nxe4 Nxe4 31. Rxe4 d5 32. Rxe7 Rxe7 33. Rxd5 Be4 34. Rxd8+
Qxd8 35. Qg4 Bxg2 36. Kxg2 Qd5+ 0-1

[Event "Cote d'Ivoire Blitz 2019"]
[Site "Abidjan CIV"]
[Date "2019.05.11"]
[Round "4"]
[White "So, Wesley"]
[Black "Karjakin, Sergey"]
[Result "1/2-1/2"]
[WhiteElo "2754"]
[BlackElo "2752"]
[PlyCount "69"]
[EventDate "2019.05.11"]

1. e4 c5 2. Nf3 d6 3. d4 cxd4 4. Nxd4 Nf6 5. Nc3 a6 6. Bd3 Nbd7 7. O-O g6 8.
Be3 Bg7 9. f3 O-O 10. Qd2 Ne5 11. Rfd1 Bd7 12. a4 Rc8 13. a5 Qc7 14. Bf1 Nc4
15. Bxc4 Qxc4 16. Nde2 Rfe8 17. Bd4 Qc7 18. Kh1 Qb8 19. Nd5 Nxd5 20. exd5 Qc7
21. Bxg7 Kxg7 22. Rac1 Kg8 23. Re1 b6 24. axb6 Qxb6 25. b3 Rc5 26. Ng3 Qa5 27.
Rcd1 Qxd2 28. Rxd2 a5 29. Ne4 Rc7 30. Ra1 Ra8 31. Kg1 Bf5 32. Kf2 Rca7 33. Nc3
Rc7 34. Ne4 Rca7 35. Nc3 1/2-1/2

[Event "Cote d'Ivoire Blitz 2019"]
[Site "Abidjan CIV"]
[Date "2019.05.11"]
[Round "4"]
[White "Wei, Yi"]
[Black "Nepomniachtchi, Ian"]
[Result "0-1"]
[WhiteElo "2736"]
[BlackElo "2773"]
[PlyCount "80"]
[EventDate "2019.05.11"]

1. e4 e5 2. Nf3 Nc6 3. Bc4 Nf6 4. d3 Be7 5. O-O O-O 6. Re1 d6 7. a4 Be6 8. Nbd2
Qd7 9. h3 Rae8 10. a5 a6 11. c3 Bd8 12. b4 Bxc4 13. dxc4 Ne7 14. c5 dxc5 15.
Nxe5 Qe6 16. Nd3 cxb4 17. cxb4 Nc6 18. Bb2 Be7 19. Nf4 Qd7 20. e5 Nd5 21. Nf3
Rd8 22. e6 Qd6 23. exf7+ Rxf7 24. Ne6 Re8 25. Neg5 Rff8 26. Re6 Qd8 27. h4 h6
28. Rxc6 bxc6 29. Ne6 Qd6 30. Nxf8 Bxf8 31. Qc2 Nxb4 32. Qc4+ Qd5 33. Qg4 Nd3
34. Rd1 Qb3 35. Rd2 Nxb2 36. Qd7 Re7 37. Qxc6 Qc4 38. Qg6 Re6 39. Qf5 Rf6 40.
Qh5 Rxf3 0-1

[Event "Cote d'Ivoire Blitz 2019"]
[Site "Abidjan CIV"]
[Date "2019.05.11"]
[Round "4"]
[White "Nakamura, Hikaru"]
[Black "Ding, Liren"]
[Result "1-0"]
[WhiteElo "2761"]
[BlackElo "2805"]
[PlyCount "95"]
[EventDate "2019.05.11"]

1. Nf3 d5 2. e3 Nf6 3. c4 e6 4. b3 c5 5. Bb2 Nc6 6. cxd5 exd5 7. Be2 d4 8. Bb5
Bd6 9. O-O O-O 10. Bxc6 bxc6 11. h3 Rb8 12. Na3 dxe3 13. dxe3 Ba6 14. Re1 Nd5
15. Nd2 Nb4 16. Ndc4 Be7 17. Qg4 f6 18. Red1 Qe8 19. Bc3 Bc8 20. Qe4 Nd5 21.
Bb2 Qh5 22. Na5 Rb4 23. N3c4 Bf5 24. Rxd5 cxd5 25. Qxd5+ Kh8 26. Nc6 Rb7 27.
Nxe7 Rxe7 28. Qxc5 Ree8 29. Nd6 Bg6 30. Qxh5 Bxh5 31. Nxe8 Rxe8 32. Rc1 a6 33.
Bd4 Kg8 34. f3 Bf7 35. g4 a5 36. Rc5 Ra8 37. Rb5 h6 38. a4 Rc8 39. Kf2 Rc1 40.
Rxa5 Bxb3 41. Ra8+ Kh7 42. a5 Rc2+ 43. Kg3 Bd5 44. Ra7 Kg8 45. a6 Ra2 46. Rd7
Bc6 47. Rd8+ Kf7 48. a7 1-0

[Event "Cote d'Ivoire Blitz 2019"]
[Site "Abidjan CIV"]
[Date "2019.05.11"]
[Round "5"]
[White "Vachier-Lagrave, Maxime"]
[Black "Wei, Yi"]
[Result "1-0"]
[WhiteElo "2780"]
[BlackElo "2736"]
[PlyCount "125"]
[EventDate "2019.05.11"]

1. Nf3 d5 2. g3 g6 3. Bg2 Bg7 4. d4 Nf6 5. O-O O-O 6. Nbd2 c5 7. dxc5 a5 8. c4
Na6 9. cxd5 Nxc5 10. d6 Qxd6 11. Nc4 Qa6 12. Nce5 Bf5 13. Be3 Rfd8 14. Qc1 Ne6
15. Qc4 Qxc4 16. Nxc4 Nd5 17. Rad1 Nxe3 18. Nxe3 Be4 19. b3 a4 20. Rxd8+ Nxd8
21. Nd2 Bxg2 22. Kxg2 Nc6 23. Rc1 Nd4 24. Kf1 Nb5 25. bxa4 Nc3 26. Nb1 Nxa4 27.
Rc7 e6 28. Rxb7 Nc5 29. Rb5 Ne4 30. a3 Bf8 31. f3 Nd6 32. Rb3 Kg7 33. Nc3 Ra5
34. a4 Nf5 35. Nxf5+ exf5 36. Ke1 Be7 37. Kd2 Bf6 38. Ra3 Be7 39. Ra2 Kf6 40.
Kd3 Ke6 41. Nb5 Kd5 42. Rc2 Bf6 43. Rc4 Be5 44. f4 Bf6 45. Nc7+ Kd6 46. Ne8+
Ke7 47. Nxf6 Kxf6 48. Kc3 Ra8 49. Kb4 Rb8+ 50. Ka3 Ke6 51. Rd4 Ra8 52. e3 h6
53. Kb4 Rb8+ 54. Kc5 Rc8+ 55. Kb6 Rb8+ 56. Kc6 Rc8+ 57. Kb7 Rc3 58. a5 Rb3+ 59.
Kc6 Rc3+ 60. Kb5 Rb3+ 61. Rb4 Rxe3 62. a6 Kd7 63. a7 1-0

[Event "Cote d'Ivoire Blitz 2019"]
[Site "Abidjan CIV"]
[Date "2019.05.11"]
[Round "5"]
[White "Karjakin, Sergey"]
[Black "Carlsen, Magnus"]
[Result "0-1"]
[WhiteElo "2752"]
[BlackElo "2861"]
[PlyCount "132"]
[EventDate "2019.05.11"]

1. e4 c5 2. Nf3 Nc6 3. c3 Nf6 4. e5 Nd5 5. d4 cxd4 6. cxd4 d6 7. Bc4 Nb6 8. Bb5
Bd7 9. exd6 e6 10. Bg5 f6 11. Bh4 Bxd6 12. Nc3 Nb4 13. O-O O-O 14. Qb3 Re8 15.
Bg3 Bxb5 16. Nxb5 Bxg3 17. Qxb4 Nd5 18. Qb3 Bc7 19. Nc3 Bb6 20. Rfe1 Rc8 21. g3
Nxc3 22. Rxe6 Rxe6 23. Qxe6+ Kf8 24. bxc3 Rxc3 25. Kg2 Qe8 26. Qf5 Qg6 27. Qd5
Qf7 28. Qf5 g6 29. Qf4 Kg7 30. Re1 Rc7 31. a4 Qd5 32. Re4 Rf7 33. h4 Bc7 34.
Qe3 Bd6 35. Re8 a6 36. Kg1 b5 37. axb5 axb5 38. Rd8 Qc6 39. h5 Bf8 40. h6+ Kg8
41. Nd2 b4 42. Nb3 Qc7 43. Ra8 Re7 44. Qf3 Qb7 45. Rxf8+ Kxf8 46. Qxf6+ Kg8 47.
Kh2 Rf7 48. Qe6 Qd7 49. Qc4 Qf5 50. f4 g5 51. Qxb4 gxf4 52. Qb8+ Rf8 53. Qc7
Qh5+ 54. Kg1 Qxh6 55. gxf4 Qxf4 56. Qxf4 Rxf4 57. Kg2 h5 58. Kg3 Rg4+ 59. Kf3
Kf7 60. d5 Kf6 61. Nc5 Rd4 62. d6 Rd5 63. d7 Ke7 64. Ne4 Rxd7 65. Ng3 Rd5 66.
Kf4 Kf6 0-1

[Event "Cote d'Ivoire Blitz 2019"]
[Site "Abidjan CIV"]
[Date "2019.05.11"]
[Round "5"]
[White "Ding, Liren"]
[Black "Amin, Bassem"]
[Result "1-0"]
[WhiteElo "2805"]
[BlackElo "2704"]
[PlyCount "69"]
[EventDate "2019.05.11"]

1. d4 Nf6 2. c4 e6 3. Nf3 Bb4+ 4. Nbd2 b6 5. a3 Bxd2+ 6. Qxd2 Bb7 7. e3 O-O 8.
Be2 Ne4 9. Qc2 f5 10. O-O Rf6 11. b4 Rh6 12. d5 exd5 13. Bb2 dxc4 14. Bxc4+ d5
15. Rad1 c6 16. Bb3 Nd7 17. Nd4 Qh4 18. h3 Rf8 19. f3 Ng5 20. Rf2 Qg3 21. Kh1
Bc8 22. Nxc6 Rxc6 23. Bxd5+ Re6 24. f4 Nf6 25. Bxf6 Ne4 26. Rf3 Qg6 27. Be5 Kh8
28. Bxe6 Bxe6 29. Kh2 h5 30. Rd4 Rc8 31. Qd1 Kh7 32. Rxe4 fxe4 33. Rg3 Qe8 34.
Rxg7+ Kh6 35. g4 1-0

[Event "Cote d'Ivoire Blitz 2019"]
[Site "Abidjan CIV"]
[Date "2019.05.11"]
[Round "5"]
[White "Nepomniachtchi, Ian"]
[Black "So, Wesley"]
[Result "1/2-1/2"]
[WhiteElo "2773"]
[BlackElo "2754"]
[PlyCount "148"]
[EventDate "2019.05.11"]

1. e4 e5 2. Nf3 Nc6 3. Bb5 Nf6 4. O-O Nxe4 5. Re1 Nd6 6. Nxe5 Be7 7. Bf1 Nf5 8.
Nf3 O-O 9. d4 d5 10. c3 Bd6 11. b3 Re8 12. Na3 a6 13. Nc2 Rxe1 14. Qxe1 Nce7
15. c4 b6 16. Qc3 Ng6 17. Bg5 Be7 18. Bxe7 Nfxe7 19. Ne3 dxc4 20. bxc4 Bb7 21.
d5 Qd7 22. Rd1 Re8 23. g3 Bc8 24. h4 Qd6 25. Re1 Nf8 26. Ng5 Qf6 27. Qxf6 gxf6
28. Ne4 Kg7 29. d6 cxd6 30. Nxd6 Rd8 31. Rd1 Ne6 32. Ndf5+ Nxf5 33. Nxf5+ Kf8
34. Rb1 Nc5 35. Ne3 Rd6 36. Nd5 b5 37. Ne3 Bd7 38. cxb5 axb5 39. Bxb5 Be6 40.
a4 Rd2 41. Ra1 Nb3 42. Rd1 Ra2 43. Rd3 Nc5 44. Rd4 Ke7 45. Rf4 h6 46. Kg2 Ra3
47. Ng4 Bd5+ 48. Kf1 Ne4 49. Ne3 Ra1+ 50. Ke2 Ra2+ 51. Kd3 Nc5+ 52. Kd4 Ne6+
53. Kxd5 Nxf4+ 54. gxf4 Rxf2 55. a5 Kd8 56. Ke4 Kc7 57. Nf5 h5 58. Bc4 Rb2 59.
Bxf7 Rb4+ 60. Kf3 Rb5 61. Ne3 Rxa5 62. f5 Kd6 63. Bxh5 Ra3 64. Kf2 Ra2+ 65. Be2
Ke5 66. h5 Kf4 67. h6 Ra8 68. Nd5+ Kg5 69. Nc7 Rh8 70. Bd3 Rxh6 71. Ne6+ Kg4
72. Ke3 Rh3+ 73. Ke4 Rxd3 74. Kxd3 Kxf5 1/2-1/2

[Event "Cote d'Ivoire Blitz 2019"]
[Site "Abidjan CIV"]
[Date "2019.05.11"]
[Round "6"]
[White "Wei, Yi"]
[Black "So, Wesley"]
[Result "1/2-1/2"]
[WhiteElo "2736"]
[BlackElo "2754"]
[PlyCount "93"]
[EventDate "2019.05.11"]

1. d4 Nf6 2. c4 e6 3. g3 c5 4. Nf3 cxd4 5. Nxd4 Bb4+ 6. Nc3 O-O 7. Bg2 d5 8.
cxd5 Nxd5 9. Qb3 Qa5 10. Bd2 Nc6 11. Nxc6 bxc6 12. O-O Bxc3 13. bxc3 Ba6 14.
Rfe1 Rab8 15. Qc2 Bc4 16. e4 Nb6 17. e5 Bd5 18. c4 Qc5 19. Bf1 Nxc4 20. Rec1
Qd4 21. Bxc4 Rb2 22. Be3 Rxc2 23. Bxd4 Rxc4 24. Rxc4 Bxc4 25. Bxa7 Ra8 26. Rb1
Bxa2 27. Rb8+ Rxb8 28. Bxb8 c5 29. Bd6 c4 30. Bb4 h5 31. f4 Kh7 32. Kf2 Kg6 33.
Ke3 Kf5 34. h4 Bb1 35. Bc3 Bd3 36. Bb2 Be4 37. Bc3 Bd5 38. Bb2 f6 39. Bc3 Bc6
40. Bb2 Be8 41. Bc3 Bg6 42. exf6 gxf6 43. Kd4 e5+ 44. fxe5 fxe5+ 45. Kxc4 e4
46. Kd4 Kg4 47. Ke3 1/2-1/2

[Event "Cote d'Ivoire Blitz 2019"]
[Site "Abidjan CIV"]
[Date "2019.05.11"]
[Round "6"]
[White "Vachier-Lagrave, Maxime"]
[Black "Ding, Liren"]
[Result "1/2-1/2"]
[WhiteElo "2780"]
[BlackElo "2805"]
[PlyCount "91"]
[EventDate "2019.05.11"]

1. Nf3 d5 2. g3 g6 3. Bg2 Bg7 4. d4 Nf6 5. O-O O-O 6. Nbd2 a5 7. b3 a4 8. Ba3
Re8 9. e3 Bf5 10. c4 c6 11. Qe2 Nbd7 12. cxd5 Nxd5 13. e4 Nc3 14. Qe3 Nb5 15.
exf5 Nxa3 16. fxg6 hxg6 17. Rac1 Nb5 18. Rfd1 Nf6 19. Nc4 Nd5 20. Qd2 axb3 21.
axb3 e6 22. h4 Ne7 23. Ne3 Nf5 24. Nxf5 exf5 25. h5 gxh5 26. Rc5 Nd6 27. Nh4
Qf6 28. d5 Rad8 29. dxc6 Ne4 30. Qxd8 Rxd8 31. Rxd8+ Qxd8 32. Bxe4 bxc6 33.
Nxf5 Qd1+ 34. Kg2 Qxb3 35. Rxc6 Bf8 36. Ne3 h4 37. gxh4 Qb4 38. Rc4 Qd6 39. Bd5
Qf6 40. Rg4+ Kh8 41. Bf3 Bc5 42. Nc4 Qc3 43. Rf4 Qg7+ 44. Rg4 Qc3 45. Rf4 Qg7+
46. Rg4 1/2-1/2

[Event "Cote d'Ivoire Blitz 2019"]
[Site "Abidjan CIV"]
[Date "2019.05.11"]
[Round "6"]
[White "Amin, Bassem"]
[Black "Topalov, Veselin"]
[Result "1-0"]
[WhiteElo "2704"]
[BlackElo "2740"]
[PlyCount "59"]
[EventDate "2019.05.11"]

1. Nf3 d5 2. g3 c6 3. Bg2 Bg4 4. O-O Nd7 5. d3 e6 6. e4 Bd6 7. h3 Bh5 8. Re1
Ne7 9. Nbd2 O-O 10. d4 a5 11. c4 Bb4 12. a3 Bxd2 13. Bxd2 dxe4 14. Rxe4 b5 15.
cxb5 cxb5 16. Bg5 Nb6 17. Bxe7 Qxe7 18. Re5 Bg6 19. Rxb5 Nc4 20. Ne5 Rac8 21.
Nc6 Qd6 22. Rc1 Rxc6 23. Bxc6 Qxc6 24. Rc5 Qb7 25. R1xc4 Qxb2 26. Qc1 Qe2 27.
Rc8 Be4 28. Rxf8+ Kxf8 29. Rc8+ Ke7 30. Qg5+ 1-0

[Event "Cote d'Ivoire Blitz 2019"]
[Site "Abidjan CIV"]
[Date "2019.05.11"]
[Round "7"]
[White "So, Wesley"]
[Black "Carlsen, Magnus"]
[Result "1/2-1/2"]
[WhiteElo "2754"]
[BlackElo "2861"]
[PlyCount "77"]
[EventDate "2019.05.11"]

1. e4 c5 2. Nf3 Nc6 3. d4 cxd4 4. Nxd4 e5 5. Nb5 d6 6. N1c3 a6 7. Na3 Be7 8.
Nc4 b5 9. Ne3 Nf6 10. g3 h5 11. h4 Nd4 12. Bg2 Be6 13. Ncd5 Nxd5 14. Nxd5 Bxd5
15. exd5 g6 16. c3 Nf5 17. a4 O-O 18. Qd3 Rb8 19. axb5 axb5 20. O-O b4 21. Bd2
bxc3 22. Bxc3 Ng7 23. Ra7 f5 24. Ba5 Qe8 25. b4 Rf7 26. Rc1 Bd8 27. Rxf7 Qxf7
28. Bxd8 Rxd8 29. Qa6 f4 30. Rc8 Rxc8 31. Qxc8+ Kh7 32. b5 fxg3 33. fxg3 Qa7+
34. Kh2 Nf5 35. Qf8 Nh6 36. Qxd6 Ng4+ 37. Kh3 Nf2+ 38. Kh2 Ng4+ 39. Kh3 1/2-1/2

[Event "Cote d'Ivoire Blitz 2019"]
[Site "Abidjan CIV"]
[Date "2019.05.11"]
[Round "7"]
[White "Topalov, Veselin"]
[Black "Vachier-Lagrave, Maxime"]
[Result "1-0"]
[WhiteElo "2740"]
[BlackElo "2780"]
[PlyCount "71"]
[EventDate "2019.05.11"]

1. c4 c5 2. g3 g6 3. Bg2 Bg7 4. Nc3 Nc6 5. b3 Nf6 6. Bb2 O-O 7. e3 e6 8. Nge2
d5 9. O-O Re8 10. d3 d4 11. exd4 Nxd4 12. Nxd4 cxd4 13. Ne4 Nxe4 14. Bxe4 Rb8
15. b4 b6 16. a4 Bb7 17. Bxb7 Rxb7 18. Qf3 Rbe7 19. a5 e5 20. axb6 Qxb6 21.
Rfe1 e4 22. dxe4 Qc6 23. c5 Rxe4 24. Kg2 d3 25. Bxg7 Kxg7 26. Rxa7 Qd5 27. Rd1
Rd4 28. Qxd5 Rxd5 29. c6 Rc8 30. Rd7 Rb5 31. Rb7 Rd5 32. b5 Kf6 33. c7 Ke7 34.
b6 Kd7 35. Rb8 Rd6 36. Kf3 1-0

[Event "Cote d'Ivoire Blitz 2019"]
[Site "Abidjan CIV"]
[Date "2019.05.11"]
[Round "7"]
[White "Nepomniachtchi, Ian"]
[Black "Nakamura, Hikaru"]
[Result "1/2-1/2"]
[WhiteElo "2773"]
[BlackElo "2761"]
[PlyCount "106"]
[EventDate "2019.05.11"]

1. d4 Nf6 2. c4 e6 3. Nf3 d5 4. Nc3 Be7 5. Bf4 O-O 6. e3 c5 7. dxc5 Bxc5 8.
cxd5 Nxd5 9. Nxd5 exd5 10. Bd3 Bb4+ 11. Nd2 d4 12. e4 Na6 13. O-O Nc5 14. Nb3
Be6 15. Nxc5 Bxc5 16. Rc1 Rc8 17. a3 a5 18. h3 Qb6 19. Qe2 Be7 20. Be5 Rfe8 21.
Qd2 Bf8 22. Rxc8 Bxc8 23. Bg3 Bd7 24. e5 g6 25. f4 Bb5 26. f5 gxf5 27. Rxf5
Bxd3 28. Qxd3 Bg7 29. Rg5 Qxb2 30. Kh2 Re6 31. Qc4 Qc3 32. Qd5 Qxa3 33. Qxd4
Qe7 34. Rf5 Qe8 35. Qa7 b6 36. Rg5 h6 37. Rg4 Kh7 38. Qb7 Qe7 39. Qe4+ Rg6 40.
Rxg6 fxg6 41. Qd5 a4 42. e6 Bf8 43. Qd7 a3 44. Qd5 b5 45. Be5 b4 46. Kh1 Bg7
47. Bd6 Qa7 48. Bc5 a2 49. Bxa7 a1=Q+ 50. Bg1 Qe1 51. Qd7 b3 52. e7 b2 53. e8=Q
Qxe8 1/2-1/2

[Event "Cote d'Ivoire Blitz 2019"]
[Site "Abidjan CIV"]
[Date "2019.05.11"]
[Round "7"]
[White "Ding, Liren"]
[Black "Wei, Yi"]
[Result "1/2-1/2"]
[WhiteElo "2805"]
[BlackElo "2736"]
[PlyCount "86"]
[EventDate "2019.05.11"]

1. c4 c5 2. g3 g6 3. Bg2 Bg7 4. Nc3 Nc6 5. Nf3 e6 6. d4 cxd4 7. Nb5 d5 8. cxd5
exd5 9. O-O Nge7 10. Nfxd4 O-O 11. Be3 Nf5 12. Nxf5 Bxf5 13. Nd4 Bg4 14. h3
Bxd4 15. Bxd4 Bxe2 16. Qxe2 Nxd4 17. Qd2 Qf6 18. Rad1 Nf3+ 19. Bxf3 Qxf3 20.
Qxd5 Qf6 21. Qxb7 Rfb8 22. Qd5 Qxb2 23. Rfe1 Qf6 24. Qe5 Qxe5 25. Rxe5 Rb2 26.
a4 Rc8 27. Rd4 Rcc2 28. Rf4 Rb7 29. g4 Kg7 30. g5 h6 31. h4 hxg5 32. hxg5 Rbc7
33. Kg2 R2c5 34. Rfe4 Rxe5 35. Rxe5 f6 36. gxf6+ Kxf6 37. Ra5 g5 38. Kg3 Rc3+
39. f3 Rc7 40. Ra6+ Kf5 41. a5 Rd7 42. Rc6 Rd5 43. Ra6 Rd7 1/2-1/2